Câu hỏi và bài tập trắc nghiệm sinh học 12

Nội dung sách cung cấp nhưũng đề thi kiểm tra và để giúp học sinh có thêm cơ hội luyện tập và tự kiểm tra, đánh giá theo chuẩn kiến thức kỹ năng.

שמור ב:
מידע ביבליוגרפי
מחבר ראשי: Lê, Đình Trung
פורמט: ספר
שפה:Undetermined
יצא לאור: Hà Nội Giáo dục 2008
נושאים:
תגים: הוספת תג
אין תגיות, היה/י הראשונ/ה לתייג את הרשומה!
Thư viện lưu trữ: Trung tâm Học liệu Trường Đại học Cần Thơ
LEADER 00872nam a2200217Ia 4500
001 CTU_182537
008 210402s9999 xx 000 0 und d
020 |c 22000 
082 |a 570.76 
082 |b Tr513 
100 |a Lê, Đình Trung 
245 0 |a Câu hỏi và bài tập trắc nghiệm sinh học 12 
245 0 |c Lê Đình Trung, Trịnh Nguyên Giao 
260 |a Hà Nội 
260 |b Giáo dục 
260 |c 2008 
520 |a Nội dung sách cung cấp nhưũng đề thi kiểm tra và để giúp học sinh có thêm cơ hội luyện tập và tự kiểm tra, đánh giá theo chuẩn kiến thức kỹ năng. 
650 |a Biology,Sinh học 
650 |x Study and teaching,Học và giảng dạy 
904 |i Tuyến 
980 |a Trung tâm Học liệu Trường Đại học Cần Thơ